[Event "EOBCC 2020"]
[Site "Online"]
[Date "2020.12.18"]
[Round "4.52"]
[White "Theodorou, Nikolas"]
[Black "Reimanis, Ritvars"]
[Result "1-0"]
[WhiteElo "2554"]
[BlackElo "2412"]
[PlyCount "109"]
[EventDate "2020.12.18"]
[EventType "tourn"]
[EventCountry "NET"]

1. d4 Nf6 2. c4 e6 3. g3 d5 4. Bg2 Be7 5. Nf3 O-O 6. O-O dxc4 7. Qc2 b5 8. a4 b4 9. Nfd2 c6 10. Nxc4 Qxd4 11. Rd1 Qc5 12. b3 Qh5 13. Nbd2 Nd5 14. Bb2 Ba6 15. Bf3 Qg6 16. Be4 Qh5 17. Bf3 Qg6 18. e4 Nd7 19. Rac1 Nc3 20. Bxc3 bxc3 21. Qxc3 Rab8 22. Qa5 Bxc4 23. Nxc4 Rb7 24. e5 Nb8 25. Qc3 Bb4 26. Qe3 h6 27. h4 f5 28. exf6 Qxf6 29. Bg4 Re8 30. Ne5 Ba3 31. Rc4 Bb2 32. Nxc6 Nxc6 33. Rxc6 Qe5 34. Bxe6+ Kh8 35. Qxe5 Bxe5 36. Bc4 Bf6 37. Kg2 Kh7 38. h5 Rbe7 39. Rd3 Rb8 40. Rf3 Bd4 41. Rf7 Rxf7 42. Bxf7 Kh8 43. f4 Bf6 44. Bc4 Bd4 45. Kf3 Re8 46. Kg4 Rf8 47. Rd6 Bc5 48. Rd7 Rb8 49. Kf5 Bd4 50. g4 Rf8+ 51. Bf7 Ra8 52. Rxd4 a5 53. Re4 Rb8 54. Re8+ Kh7 55. Bg6# 1-0

[Event "EOBCC 2020"]
[Site "Online"]
[Date "2020.12.18"]
[Round "4.53"]
[White "Pantsulaia, Levan"]
[Black "Bashirli, Nail"]
[Result "1-0"]
[WhiteElo "2553"]
[BlackElo "2382"]
[PlyCount "77"]
[EventDate "2020.12.18"]
[EventType "tourn"]
[EventCountry "NET"]

1. Nf3 d5 2. g3 Bg4 3. Bg2 c6 4. O-O Nd7 5. d4 Ngf6 6. Nbd2 e6 7. Re1 Be7 8. e4 O-O 9. c3 h6 10. a4 a5 11. Qb3 Qb6 12. Qxb6 Nxb6 13. Ne5 Bh5 14. h3 Nfd7 15. Nxd7 Nxd7 16. exd5 cxd5 17. Bxd5 exd5 18. Rxe7 Rad8 19. Nb3 Rfe8 20. Rxe8+ Rxe8 21. Be3 b6 22. Nd2 Nf6 23. b3 Rc8 24. Rc1 Be2 25. f3 g5 26. Kf2 Bd3 27. h4 gxh4 28. gxh4 Kh7 29. Bf4 Kg6 30. c4 Kf5 31. Bxh6 dxc4 32. Nxc4 Rd8 33. Nxb6 Rxd4 34. Bg5 Rb4 35. Rc5+ Kg6 36. Rc6 Kh5 37. Rxf6 Bg6 38. Nd5 Rd4 39. Nf4+ 1-0

[Event "EOBCC 2020"]
[Site "Online"]
[Date "2020.12.18"]
[Round "4.54"]
[White "Migot, Tangi"]
[Black "Grigoriants, Sergey"]
[Result "1-0"]
[WhiteElo "2353"]
[BlackElo "2546"]
[PlyCount "111"]
[EventDate "2020.12.18"]
[EventType "tourn"]
[EventCountry "NET"]

1. e4 c5 2. Nf3 d6 3. Nc3 a6 4. g3 g6 5. Bg2 Bg7 6. O-O Nc6 7. d3 Nf6 8. a3 O-O 9. Rb1 b5 10. b4 Nd7 11. Nd5 e6 12. Ne3 Bb7 13. Bb2 Bxb2 14. Rxb2 Rc8 15. Qb1 Nd4 16. c3 Nxf3+ 17. Bxf3 Qf6 18. Bg2 Qxc3 19. Rb3 Qd4 20. Nc2 Qf6 21. e5 Nxe5 22. Bxb7 Rc7 23. Bg2 c4 24. dxc4 bxc4 25. Re3 Nd3 26. Be4 Nb2 27. Bg2 d5 28. Re2 Na4 29. Qa1 c3 30. Rd1 Rfc8 31. Re3 Rc4 32. Bf1 Nb2 33. Bxc4 Nxd1 34. Qxd1 Rxc4 35. Rd3 Qe5 36. a4 a5 37. bxa5 Rxa4 38. Qf3 d4 39. a6 Kg7 40. a7 Rxa7 41. Rxd4 Ra2 42. Rd7 Qf6 43. Qd3 Rb2 44. Rc7 Rb3 45. Kg2 h5 46. Qd4 e5 47. Qd3 Qb6 48. Rxc3 Qb7+ 49. Qf3 e4 50. Qe3 Rxc3 51. Qxc3+ f6 52. Ne3 h4 53. gxh4 Qb5 54. Qc7+ Kh6 55. Qf4+ Kg7 56. Qxe4 1-0

[Event "EOBCC 2020"]
[Site "Online"]
[Date "2020.12.18"]
[Round "4.55"]
[White "Gazik, Viktor"]
[Black "Can, Isik"]
[Result "1-0"]
[WhiteElo "2542"]
[BlackElo "2380"]
[PlyCount "71"]
[EventDate "2020.12.18"]
[EventType "tourn"]
[EventCountry "NET"]

1. e4 c6 2. Nc3 d5 3. Nf3 Nf6 4. e5 Ne4 5. Ne2 Qb6 6. d4 e6 7. Ng3 c5 8. Bd3 Nxg3 9. fxg3 cxd4 10. O-O Nc6 11. a3 Be7 12. b4 Bd7 13. Qe1 O-O-O 14. Bb2 f6 15. exf6 Bxf6 16. b5 Na5 17. Ne5 Nc4 18. Bxc4 dxc4 19. Nxc4 Qc5 20. Rxf6 gxf6 21. Nd2 e5 22. Ne4 Qxb5 23. Nd6+ Kb8 24. Nxb5 Bxb5 25. Qb4 Bc6 26. Rf1 Rhf8 27. Qe7 a6 28. Rxf6 Rfe8 29. Qb4 Be4 30. Rf7 Rc8 31. c3 Red8 32. cxd4 exd4 33. Bxd4 Rc2 34. Rf8 Rc1+ 35. Kf2 Rxf8+ 36. Qxf8+ 1-0

[Event "EOBCC 2020"]
[Site "Online"]
[Date "2020.12.18"]
[Round "4.56"]
[White "Iskandarov, Misratdin"]
[Black "Barp, Alberto"]
[Result "1/2-1/2"]
[WhiteElo "2535"]
[BlackElo "2366"]
[PlyCount "196"]
[EventDate "2020.12.18"]
[EventType "tourn"]
[EventCountry "NET"]

1. e4 e5 2. Nf3 Nc6 3. Bb5 a6 4. Bxc6 dxc6 5. O-O Bg4 6. h3 h5 7. d3 Qf6 8. Be3 Bxf3 9. Qxf3 Qxf3 10. gxf3 Bd6 11. Nd2 Ne7 12. a4 Ng6 13. Nc4 f6 14. a5 Nh4 15. f4 g5 16. fxe5 fxe5 17. Kh1 Nf3 18. Nd2 Nxd2 19. Bxd2 Be7 20. Rg1 Rg8 21. Rg2 Kd7 22. Rag1 Raf8 23. Be3 Rf3 24. Rg3 Rxg3 25. fxg3 Rf8 26. Kg2 c5 27. g4 h4 28. Ra1 Kc6 29. Ra3 Rd8 30. Rc3 Kb5 31. Rb3+ Kc6 32. Kf3 Rf8+ 33. Ke2 Rf7 34. Ra3 Rf8 35. c3 Rd8 36. Ra1 Rf8 37. b3 Rf7 38. Rc1 Kb5 39. Ra1 Rf8 40. Bd2 Rf7 41. c4+ Kc6 42. Bc3 Bd6 43. Rb1 b6 44. axb6 cxb6 45. Bd2 Be7 46. Ra1 a5 47. Bc3 Bd6 48. Bd2 Be7 49. Ra2 Rf8 50. Be3 Rf7 51. Ra4 Rf8 52. Bg1 Kb7 53. Ra1 Kc6 54. Bh2 Bd6 55. Bg1 Bc7 56. Be3 Bd8 57. Bd2 Be7 58. Rb1 Rf7 59. Rc1 Rf8 60. Be3 Rf7 61. Bd2 Rf8 62. Bc3 Bd6 63. Ra1 Rf7 64. Rf1 Rxf1 65. Kxf1 Bc7 66. Ke2 Kd6 67. Kd2 Kc6 68. Kc2 Bd6 69. Bd2 Be7 70. Kb2 Bd8 71. Ka3 Be7 72. Ka4 Bd8 73. Bc3 Bc7 74. Bb2 Bd6 75. Ba1 Bc7 76. Bc3 Bd6 77. Bd2 Be7 78. Be3 Bd8 79. Bg1 Be7 80. Bh2 Bd6 81. Ka3 Bc7 82. Kb2 Bd6 83. Kc2 Bc7 84. Bg1 Bd6 85. Kd2 Be7 86. Ke2 Bd6 87. Kf3 Kd7 88. Be3 Be7 89. Bd2 Ke6 90. Be1 Bd8 91. Bc3 Be7 92. Ke2 Bd8 93. Kd2 Bc7 94. Kc2 Kd7 95. Kb2 Kc6 96. Ka3 Bd6 97. Ka4 Bc7 98. Bd2 Bd8 1/2-1/2

[Event "EOBCC 2020"]
[Site "Online"]
[Date "2020.12.18"]
[Round "4.57"]
[White "Abbasov, Farid"]
[Black "Ruperez Benito, Antonio"]
[Result "1-0"]
[WhiteElo "2528"]
[BlackElo "2363"]
[PlyCount "69"]
[EventDate "2020.12.18"]
[EventType "tourn"]
[EventCountry "NET"]

1. d4 e6 2. Nf3 d5 3. c4 Nf6 4. e3 Be7 5. Nbd2 c5 6. b3 Nc6 7. Bb2 O-O 8. Bd3 b6 9. O-O Bb7 10. Rc1 cxd4 11. exd4 Rc8 12. Qe2 Re8 13. Bb1 Bf8 14. Rfe1 g6 15. a3 Bg7 16. Ba2 Rc7 17. c5 Ne4 18. cxb6 axb6 19. b4 Qe7 20. Nb3 Rec8 21. Qb5 Ba8 22. Bb1 Qd6 23. Qxb6 Ra7 24. Qb5 Rb8 25. Qe2 Bb7 26. Nc5 Bc8 27. Nxe4 dxe4 28. Bxe4 Bd7 29. Rc5 Nxd4 30. Bxd4 Bxd4 31. Nxd4 Qxd4 32. Rd1 Qf6 33. Qe3 e5 34. Rcd5 Be6 35. Qxa7 1-0

[Event "EOBCC 2020"]
[Site "Online"]
[Date "2020.12.18"]
[Round "4.58"]
[White "Olszewski, Michal"]
[Black "Koelle, Tobias"]
[Result "1-0"]
[WhiteElo "2525"]
[BlackElo "2340"]
[PlyCount "83"]
[EventDate "2020.12.18"]
[EventType "tourn"]
[EventCountry "NET"]

1. e4 e5 2. Nf3 Nc6 3. Bb5 a6 4. Ba4 Nf6 5. Qe2 b5 6. Bb3 Bc5 7. c3 d6 8. d3 h6 9. Nbd2 O-O 10. h3 a5 11. Nf1 a4 12. Bc2 b4 13. Ne3 a3 14. O-O Be6 15. c4 Nd4 16. Nxd4 Bxd4 17. Bb3 Nd7 18. Rb1 axb2 19. Bxb2 Bxb2 20. Rxb2 Nc5 21. f4 exf4 22. Rxf4 Bd7 23. Rf3 Ne6 24. Nf5 Qg5 25. Rg3 Qc1+ 26. Kh2 Kh7 27. Rd2 g6 28. d4 gxf5 29. exf5 Ng5 30. Rxg5 Rae8 31. Qd3 hxg5 32. f6+ Kg8 33. Bc2 Qxc2 34. Rxc2 Re6 35. Qf5 Re5 36. Qxd7 Re6 37. Rf2 Rfe8 38. Qxc7 Kh7 39. Qxf7+ Kh6 40. Qg7+ Kh5 41. g4+ Kh4 42. Qh6# 1-0

[Event "EOBCC 2020"]
[Site "Online"]
[Date "2020.12.18"]
[Round "4.59"]
[White "Jovanovic, Zoran"]
[Black "Eren, Ataberk"]
[Result "1-0"]
[WhiteElo "2517"]
[BlackElo "2321"]
[PlyCount "65"]
[EventDate "2020.12.18"]
[EventType "tourn"]
[EventCountry "NET"]

1. e4 e6 2. Nc3 d5 3. d4 Nf6 4. Bg5 Bb4 5. e5 h6 6. Bd2 Bxc3 7. Bxc3 Ne4 8. Bd2 Nxd2 9. Qxd2 c5 10. dxc5 Nd7 11. Nf3 Nxc5 12. Bd3 O-O 13. O-O Bd7 14. Rfe1 Rc8 15. c3 Qb6 16. Bc2 Ba4 17. Bb1 Rfd8 18. Nd4 Qc7 19. Qe3 Be8 20. f4 Na4 21. Re2 b5 22. f5 exf5 23. Bxf5 Bd7 24. Bd3 a6 25. Rf1 Be6 26. Qg3 Nc5 27. Bc2 Qb6 28. Kh1 a5 29. Ref2 Rc7 30. Qh4 Re8 31. Rf6 gxf6 32. exf6 Qd6 33. Qxh6 1-0

[Event "EOBCC 2020"]
[Site "Online"]
[Date "2020.12.18"]
[Round "4.60"]
[White "Godzwon, Iwo"]
[Black "Gumularz, Szymon"]
[Result "0-1"]
[WhiteElo "2347"]
[BlackElo "2516"]
[PlyCount "132"]
[EventDate "2020.12.18"]
[EventType "tourn"]
[EventCountry "NET"]

1. e4 e5 2. Nf3 Nc6 3. Bb5 a6 4. Ba4 Nf6 5. O-O Be7 6. Re1 b5 7. Bb3 O-O 8. h3 Bb7 9. d3 d5 10. exd5 Nxd5 11. Nxe5 Nd4 12. Nc3 Nb4 13. Be3 Nxb3 14. axb3 c5 15. Nf3 Bxf3 16. gxf3 Qd7 17. Bf4 Rfe8 18. Kg2 Bf8 19. Qd2 Rac8 20. Bg3 Rc6 21. Rxe8 Qxe8 22. Re1 Qd7 23. Nd1 Rg6 24. Ne3 h5 25. Kh2 Rf6 26. c3 Qxd3 27. Rd1 Qxd2 28. Rxd2 Nc6 29. Kg2 Re6 30. Rd7 Na5 31. b4 cxb4 32. cxb4 Bxb4 33. Rd5 g6 34. f4 f5 35. Rd7 Nc6 36. Nd5 Rd6 37. Rc7 Rxd5 38. Rxc6 Rd6 39. Rc7 Bd2 40. Kf3 Ba5 41. Ra7 Bd8 42. Ra8 Kf7 43. Ra7+ Ke6 44. Ke2 Kd5 45. Kd3 Bf6 46. b3 Kc5+ 47. Kc2 Kb4 48. Rc7 Rd5 49. f3 Rc5+ 50. Rxc5 Kxc5 51. Bf2+ Kd5 52. Kd3 Be7 53. Be1 Bd6 54. Bd2 Bc7 55. b4 Bd6 56. Kc3 Be7 57. Kd3 Bf6 58. Be1 Be7 59. Bd2 Bh4 60. Kc3 Bf2 61. Kd3 Bd4 62. Be1 Bf6 63. Bd2 Bd8 64. Kc3 a5 65. Kd3 a4 66. Bc3 Be7 0-1

[Event "EOBCC 2020"]
[Site "Online"]
[Date "2020.12.18"]
[Round "4.61"]
[White "Shchekachev, Andrei"]
[Black "Fataliyeva, Ulviyya"]
[Result "1-0"]
[WhiteElo "2515"]
[BlackElo "2301"]
[PlyCount "39"]
[EventDate "2020.12.18"]
[EventType "tourn"]
[EventCountry "NET"]

1. Nf3 d5 2. e3 Nf6 3. c4 e6 4. b3 b6 5. Bb2 Bb7 6. Nc3 a6 7. g3 Bd6 8. Bg2 Qe7 9. cxd5 exd5 10. Nh4 O-O 11. Nf5 Qd7 12. Nxd6 Qxd6 13. O-O Nbd7 14. Ne2 c5 15. d4 Rfd8 16. Rc1 Ne4 17. Nf4 Rac8 18. dxc5 Ndxc5 19. Qd4 Ne6 20. Nxe6 1-0

[Event "EOBCC 2020"]
[Site "Online"]
[Date "2020.12.18"]
[Round "4.62"]
[White "Sevgi, Volkan"]
[Black "Klekowski, Maciej"]
[Result "1-0"]
[WhiteElo "2359"]
[BlackElo "2510"]
[PlyCount "117"]
[EventDate "2020.12.18"]
[EventType "tourn"]
[EventCountry "NET"]

1. e4 c5 2. Nc3 Nc6 3. g3 g6 4. Bg2 Bg7 5. d3 d6 6. Be3 Rb8 7. Qd2 b5 8. h3 e5 9. Nge2 Nge7 10. Bh6 O-O 11. Bxg7 Kxg7 12. O-O Be6 13. f4 f6 14. g4 Bf7 15. g5 fxg5 16. f5 Ng8 17. Ng3 Nd4 18. Nd1 gxf5 19. exf5 d5 20. c3 Nc6 21. f6+ Nxf6 22. Qxg5+ Bg6 23. Ne3 Kg8 24. h4 Kh8 25. Nxd5 Ng8 26. Rxf8 Qxf8 27. Rf1 Qh6 28. Qxh6 Nxh6 29. h5 Bf7 30. Rf6 Bxd5 31. Bxd5 Ne7 32. Be4 Neg8 33. Re6 Nf7 34. Kg2 b4 35. c4 Kg7 36. Ra6 Rb6 37. Rxa7 Kf6 38. Bxh7 Ngh6 39. Ne4+ Ke6 40. Nxc5+ Kd6 41. Ne4+ Kc6 42. Bg6 Nd6 43. c5 Nxe4 44. cxb6 Nd6 45. Rh7 Ng4 46. b7 Nxb7 47. Be4+ Kc5 48. Rxb7 Ne3+ 49. Kf3 Nd1 50. h6 Nxb2 51. h7 Kd4 52. h8=Q Kc3 53. Qxe5+ Kc2 54. Rxb4 Nd1 55. Qa1 Kd2 56. Rb2+ Nxb2 57. Qxb2+ Kd1 58. Ke3 Ke1 59. Qe2# 1-0

[Event "EOBCC 2020"]
[Site "Online"]
[Date "2020.12.18"]
[Round "4.63"]
[White "Aliyev, Ravan"]
[Black "Livaic, Leon"]
[Result "0-1"]
[WhiteElo "2330"]
[BlackElo "2507"]
[PlyCount "80"]
[EventDate "2020.12.18"]
[EventType "tourn"]
[EventCountry "NET"]

1. c4 e6 2. Nc3 d5 3. d4 Nf6 4. cxd5 exd5 5. Bg5 c6 6. e3 Nbd7 7. Bd3 Be7 8. Nge2 Nh5 9. Bxe7 Qxe7 10. Qc2 g6 11. O-O-O Nb6 12. h3 Ng7 13. g4 Be6 14. Nf4 O-O-O 15. Rhe1 Kb8 16. Nxe6 Nxe6 17. f3 h5 18. Kb1 hxg4 19. hxg4 Rh3 20. Qg2 Rdh8 21. Rh1 Qh4 22. Rxh3 Qxh3 23. Qxh3 Rxh3 24. Rf1 Ng5 25. Be2 Kc7 26. f4 Ne4 27. Nxe4 dxe4 28. f5 g5 29. f6 Rxe3 30. Bd1 Nd5 31. Bb3 Rf3 32. Rh1 Rxf6 33. Rh5 Rf1+ 34. Kc2 f6 35. Rh7+ Kb6 36. a4 a5 37. Kd2 Rf2+ 38. Kc1 e3 39. Bxd5 Rf1+ 40. Kc2 e2 0-1

[Event "EOBCC 2020"]
[Site "Online"]
[Date "2020.12.18"]
[Round "4.64"]
[White "Pajeken, Jakob Leon"]
[Black "Krzyzanowski, Marcin"]
[Result "0-1"]
[WhiteElo "2323"]
[BlackElo "2503"]
[PlyCount "54"]
[EventDate "2020.12.18"]
[EventType "tourn"]
[EventCountry "NET"]

1. d4 Nf6 2. Nf3 g6 3. g3 Bg7 4. Bg2 O-O 5. O-O d6 6. b3 c5 7. c4 cxd4 8. Nxd4 Qa5 9. Bb2 Qh5 10. Nc3 a6 11. Na4 Bh3 12. Bxb7 Ra7 13. Bg2 Ng4 14. Nf3 Bxb2 15. Nxb2 Nd7 16. Nd3 e5 17. e4 f5 18. Re1 Ndf6 19. Nb4 fxe4 20. Nh4 Bxg2 21. Kxg2 g5 22. h3 gxh4 23. hxg4 Nxg4 24. Qd5+ Kh8 25. Re2 h3+ 26. Kh1 Nf6 27. Qxd6 Qf3+ 0-1

[Event "EOBCC 2020"]
[Site "Online"]
[Date "2020.12.18"]
[Round "4.65"]
[White "Budisavljevic, Luka"]
[Black "Beydullayeva, Govhar"]
[Result "1-0"]
[WhiteElo "2492"]
[BlackElo "2263"]
[PlyCount "55"]
[EventDate "2020.12.18"]
[EventType "tourn"]
[EventCountry "NET"]

1. d4 Nf6 2. Nf3 d5 3. Bf4 c5 4. e3 Nc6 5. Nbd2 e6 6. c3 Bd6 7. Bg3 O-O 8. Bd3 Re8 9. Ne5 Bxe5 10. dxe5 Nd7 11. Nf3 h6 12. O-O b6 13. e4 Bb7 14. exd5 exd5 15. Re1 Nf8 16. Bc2 Qd7 17. Qd3 Rad8 18. Rad1 Qg4 19. h3 Qh5 20. Bh4 Rd7 21. g4 Qg6 22. Qd2 f5 23. Bxf5 Qf7 24. Bxd7 Nxd7 25. Qxd5 Qxd5 26. Rxd5 Ncxe5 27. Rdxe5 Nxe5 28. Nxe5 1-0

[Event "EOBCC 2020"]
[Site "Online"]
[Date "2020.12.18"]
[Round "4.67"]
[White "Rasulov, Vugar"]
[Black "Jagodzinski, Piotr"]
[Result "1-0"]
[WhiteElo "2478"]
[BlackElo "2145"]
[PlyCount "109"]
[EventDate "2020.12.18"]
[EventType "tourn"]
[EventCountry "NET"]

1. e4 c6 2. d4 d5 3. e5 Bf5 4. h4 h5 5. Bd3 Bxd3 6. Qxd3 e6 7. Nf3 Nd7 8. g3 Ne7 9. Bg5 Qb6 10. Nbd2 Nf5 11. O-O Be7 12. c4 Bxg5 13. Nxg5 Qxd4 14. Qc2 Nxe5 15. cxd5 cxd5 16. Qc7 Qxd2 17. Qxe5 O-O 18. Rfd1 Qb4 19. Rac1 Rac8 20. Rxc8 Rxc8 21. Nxe6 Qg4 22. Rxd5 Nxh4 23. Qxg7+ Qxg7 24. Nxg7 Nf3+ 25. Kg2 Ne1+ 26. Kf1 Rc1 27. Nxh5 Nd3+ 28. Kg2 Nxb2 29. Rb5 Nd3 30. Rxb7 Rc2 31. Nf6+ Kg7 32. Ne4 a5 33. a3 Re2 34. Kf3 Ra2 35. Rb3 Ne5+ 36. Kf4 Nc4 37. Rc3 Nxa3 38. Rc5 Nb1 39. Ke3 a4 40. Rc1 Na3 41. Nc3 Nc4+ 42. Kd4 Nd2 43. Nxa2 Nb3+ 44. Kc3 Nxc1 45. Nxc1 Kf6 46. Kb4 Kf5 47. f3 Ke5 48. Ne2 Kd5 49. g4 f6 50. Nf4+ Kd4 51. Nh5 Ke5 52. Kxa4 f5 53. f4+ Ke6 54. Ng7+ Kf7 55. Nxf5 1-0

[Event "EOBCC 2020"]
[Site "Online"]
[Date "2020.12.18"]
[Round "4.68"]
[White "Han, Yichen"]
[Black "Dourerassou, Jonathan"]
[Result "0-1"]
[WhiteElo "2307"]
[BlackElo "2477"]
[PlyCount "122"]
[EventDate "2020.12.18"]
[EventType "tourn"]
[EventCountry "NET"]

1. d4 d5 2. Bf4 Nf6 3. e3 g6 4. Nc3 Bg7 5. h4 h6 6. Qd2 c6 7. f3 Qb6 8. O-O-O Na6 9. g4 h5 10. g5 Nd7 11. e4 dxe4 12. fxe4 O-O 13. Nf3 Qa5 14. Kb1 e5 15. Be3 Re8 16. d5 Ndc5 17. Bh3 Bxh3 18. Rxh3 Rad8 19. Ne1 cxd5 20. exd5 e4 21. Bd4 Bxd4 22. Qxd4 Nb4 23. Qc4 Rc8 24. Qd4 Red8 25. a3 Nc6 26. Qf6 Nd7 27. Qf4 Nce5 28. Nxe4 Nc4 29. Nf6+ Nxf6 30. gxf6 Qb6 31. Rb3 Qd6 32. Qxd6 Nxd6 33. Nf3 b6 34. Re3 Nf5 35. Re5 Rd6 36. Nd4 Nxh4 37. Nc6 Rcxc6 38. Re8+ Kh7 39. dxc6 Rxc6 40. Rdd8 Kh6 41. Rd7 Rxf6 42. Rxa7 g5 43. a4 g4 44. a5 bxa5 45. Rxa5 Ng6 46. Re2 g3 47. Rg2 h4 48. b4 Rf1+ 49. Kb2 Nf4 50. Rd2 g2 51. Ra6+ Kg7 52. Rxg2+ Nxg2 53. b5 Rf5 54. c4 Ne3 55. Kc3 h3 56. b6 h2 57. Ra1 Nf1 58. b7 h1=Q 59. b8=Q Qf3+ 60. Kb4 Qe3 61. Qd6 Rf6 0-1

[Event "EOBCC 2020"]
[Site "Online"]
[Date "2020.12.18"]
[Round "4.69"]
[White "Kazakouski, Valery"]
[Black "Myrmus, Mateusz"]
[Result "1-0"]
[WhiteElo "2473"]
[BlackElo "1683"]
[PlyCount "37"]
[EventDate "2020.12.18"]
[EventType "tourn"]
[EventCountry "NET"]

1. d4 Nf6 2. Nf3 g6 3. c4 d5 4. cxd5 Nxd5 5. e4 Nb6 6. h3 Bg7 7. Nc3 O-O 8. Be3 Nc6 9. Rc1 a5 10. Be2 a4 11. O-O a3 12. b3 Na5 13. Nb5 c6 14. Nxa3 Be6 15. Ng5 Nxb3 16. Nxe6 Nxc1 17. Nxd8 Nxe2+ 18. Qxe2 Rfxd8 19. Nc4 1-0

[Event "EOBCC 2020"]
[Site "Online"]
[Date "2020.12.18"]
[Round "4.70"]
[White "Grandelius, Nils"]
[Black "Neuman, Petr"]
[Result "1-0"]
[WhiteElo "2663"]
[BlackElo "2393"]
[PlyCount "69"]
[EventDate "2020.12.18"]
[EventType "tourn"]
[EventCountry "NET"]

1. Nf3 d5 2. g3 g6 3. c4 c6 4. Qa4 dxc4 5. Qxc4 Nf6 6. Bg2 Bg7 7. O-O O-O 8. Qc2 a5 9. b3 a4 10. Bb2 axb3 11. axb3 Rxa1 12. Bxa1 Na6 13. d3 Nb4 14. Qc1 Qa5 15. Bc3 Nfd5 16. Bxg7 Kxg7 17. Qb2+ f6 18. Na3 Be6 19. Nc4 Qa2 20. Qc1 Bf7 21. Ncd2 Ra8 22. Qc5 Qc2 23. Qd4 Qc3 24. Qe4 Ra2 25. Nc4 Qxb3 26. Nd4 Qc3 27. Ne6+ Bxe6 28. Qxe6 Kf8 29. Bf3 b5 30. Ne3 Qe5 31. Qc8+ Kf7 32. Ng4 Qc7 33. Qh8 h5 34. Qh7+ Ke6 35. Nh6 1-0

[Event "EOBCC 2020"]
[Site "Online"]
[Date "2020.12.18"]
[Round "4.71"]
[White "Kovalenko, Igor"]
[Black "Gaehwiler, Gabriel"]
[Result "1-0"]
[WhiteElo "2643"]
[BlackElo "2408"]
[PlyCount "147"]
[EventDate "2020.12.18"]
[EventType "tourn"]
[EventCountry "NET"]

1. d4 Nf6 2. Nf3 g6 3. Bf4 d6 4. e3 Bg7 5. h3 O-O 6. Be2 c5 7. c3 Bf5 8. O-O Nc6 9. Nbd2 Rc8 10. Bh2 a6 11. a4 Ne4 12. Nxe4 Bxe4 13. Nd2 Bf5 14. dxc5 dxc5 15. Nb3 Qb6 16. a5 Qa7 17. Qc1 Be6 18. Nd2 Rfd8 19. Rd1 Ne5 20. Nf3 Nxf3+ 21. Bxf3 Bb3 22. Rxd8+ Rxd8 23. Bc7 Rc8 24. Bb6 Qb8 25. Qd2 Be5 26. Kh1 Bd6 27. Qd3 Be6 28. Rd1 c4 29. Qe4 Rc6 30. Qh4 Qc8 31. Kg1 Kg7 32. Qd4+ f6 33. Bxc6 Qxc6 34. e4 Qb5 35. Qd2 Qe5 36. f4 Qxe4 37. Re1 Qd5 38. Qxd5 Bxd5 39. Be3 Kf7 40. Kf2 h5 41. h4 Be4 42. g3 Bd3 43. Rd1 e5 44. b4 Ke6 45. Rd2 Kf5 46. Rb2 exf4 47. Bxf4 Bxf4 48. gxf4 Kxf4 49. b5 axb5 50. Rxb5 Be4 51. Rc5 g5 52. Rxc4 gxh4 53. Kg1 f5 54. Kh2 Ke3 55. Rb4 f4 56. c4 f3 57. Rb3+ Ke2 58. Rb2+ Ke3 59. Kg1 h3 60. c5 h2+ 61. Rxh2 h4 62. Rb2 h3 63. Rh2 Bc6 64. Rxh3 Ke2 65. Rh2+ Ke3 66. Rb2 Bd5 67. Kf1 Bc4+ 68. Ke1 Be2 69. Rxe2+ fxe2 70. c6 bxc6 71. a6 c5 72. a7 c4 73. a8=Q c3 74. Qa3 1-0

[Event "EOBCC 2020"]
[Site "Online"]
[Date "2020.12.18"]
[Round "4.72"]
[White "Sarana, Alexey"]
[Black "Baskin, Robert"]
[Result "1-0"]
[WhiteElo "2636"]
[BlackElo "2390"]
[PlyCount "45"]
[EventDate "2020.12.18"]
[EventType "tourn"]
[EventCountry "NET"]

1. c4 Nf6 2. Nc3 d5 3. cxd5 Nxd5 4. d4 g6 5. e4 Nxc3 6. bxc3 Bg7 7. Nf3 c5 8. Bb5+ Nc6 9. d5 Qa5 10. Rb1 a6 11. Ba4 b5 12. dxc6 Qxa4 13. Qxa4 bxa4 14. Bf4 Be6 15. c7 Bxa2 16. Rb8+ Kd7 17. O-O Bb3 18. Rb1 Bxc3 19. Rc1 Bb4 20. Ne5+ Ke6 21. Nc6 Kd7 22. Ne5+ Ke6 23. Rb6# 1-0

[Event "EOBCC 2020"]
[Site "Online"]
[Date "2020.12.18"]
[Round "4.73"]
[White "Babazada, Khazar"]
[Black "Meier, Georg"]
[Result "0-1"]
[WhiteElo "2409"]
[BlackElo "2628"]
[PlyCount "48"]
[EventDate "2020.12.18"]
[EventType "tourn"]
[EventCountry "NET"]

1. e4 e6 2. d4 d5 3. Nc3 dxe4 4. Nxe4 Nd7 5. Nf3 Ngf6 6. Nxf6+ Nxf6 7. Bd3 c5 8. dxc5 Bxc5 9. O-O O-O 10. Qe2 b6 11. Bg5 Bb7 12. Rad1 Qc7 13. Bxf6 gxf6 14. Qd2 Kg7 15. Rfe1 Rfd8 16. Qe2 f5 17. Ne5 Bd4 18. c3 Bxe5 19. Qxe5+ Qxe5 20. Rxe5 Be4 21. Be2 Rxd1+ 22. Bxd1 Rd8 23. Bb3 a6 24. f3 Kf6 0-1

[Event "EOBCC 2020"]
[Site "Online"]
[Date "2020.12.18"]
[Round "4.74"]
[White "Heimann, Andreas"]
[Black "Rodin, Dmitrij"]
[Result "0-1"]
[WhiteElo "2606"]
[BlackElo "2370"]
[PlyCount "83"]
[EventDate "2020.12.18"]
[EventType "tourn"]
[EventCountry "NET"]

1. d4 Nf6 2. c4 e6 3. Nf3 b6 4. a3 g6 5. Nc3 Bb7 6. d5 Bg7 7. e4 exd5 8. cxd5 O-O 9. Bd3 c6 10. O-O cxd5 11. exd5 Na6 12. Bg5 Nc5 13. Bc2 h6 14. Bh4 Re8 15. Nd4 Ba6 16. Re1 Rxe1+ 17. Qxe1 Qf8 18. Qd2 Re8 19. f3 Nb7 20. Bd3 Bxd3 21. Qxd3 Nc5 22. Qd2 Nh5 23. Rd1 Qd6 24. b4 Nb7 25. Ndb5 Qb8 26. Ne4 a6 27. Nbc3 Nd6 28. Nxd6 Qxd6 29. Ne4 Qe5 30. g4 Nf4 31. Bg3 g5 32. Re1 Qd4+ 33. Qxd4 Bxd4+ 34. Kh1 Kg7 35. Nd6 Rxe1+ 36. Bxe1 Kf6 37. Bg3 Nxd5 38. Kg2 Ne3+ 39. Kf2 Nxg4+ 40. Ke2 Ne5 41. Ne4+ Ke6 42. Nd2 0-1

[Event "EOBCC 2020"]
[Site "Online"]
[Date "2020.12.18"]
[Round "4.75"]
[White "Bosiocic, Marin"]
[Black "Yatzenko, Anton"]
[Result "0-1"]
[WhiteElo "2602"]
[BlackElo "2379"]
[PlyCount "66"]
[EventDate "2020.12.18"]
[EventType "tourn"]
[EventCountry "NET"]

1. d4 d5 2. Bg5 f6 3. Bc1 c5 4. e3 Nc6 5. c4 cxd4 6. exd4 dxc4 7. d5 Ne5 8. Bf4 Nd3+ 9. Bxd3 cxd3 10. Nc3 e5 11. dxe6 Bxe6 12. Nf3 Bd6 13. Qa4+ Kf7 14. O-O Ne7 15. Rad1 Bxf4 16. Qxf4 Qa5 17. Rxd3 Rhd8 18. Re3 Qf5 19. Qb4 Rd7 20. Nd4 Nc6 21. Nxc6 bxc6 22. Rf3 Qe5 23. Re3 Qd4 24. Qa5 Qg4 25. Rfe1 Qf5 26. Qa4 Bd5 27. Nxd5 Qxd5 28. Qg4 Rad8 29. h3 g6 30. Qf4 Qd4 31. Qh6 Kg8 32. Re7 Rxe7 33. Re6 Rxe6 0-1

[Event "EOBCC 2020"]
[Site "Online"]
[Date "2020.12.18"]
[Round "4.76"]
[White "Globus, Or"]
[Black "Studer, Noel"]
[Result "1-0"]
[WhiteElo "2399"]
[BlackElo "2582"]
[PlyCount "109"]
[EventDate "2020.12.18"]
[EventType "tourn"]
[EventCountry "NET"]

1. c4 e5 2. Nc3 Nf6 3. Nf3 Nc6 4. e4 Bb4 5. d3 d6 6. a3 Bc5 7. b4 Bb6 8. Na4 Bd4 9. Nxd4 Nxd4 10. Be3 O-O 11. Be2 a5 12. O-O Nxe2+ 13. Qxe2 Ng4 14. b5 f5 15. exf5 Bxf5 16. Nc3 Rf7 17. Rad1 Qh4 18. h3 Nf6 19. d4 e4 20. d5 Re8 21. Rd4 Bg4 22. Qd2 Bxh3 23. Bg5 Qg4 24. f3 Qg3 25. Bxf6 e3 26. Bh4 Qg6 27. Qe2 Re5 28. Ne4 Rh5 29. Bd8 Qh6 30. gxh3 Rxh3 31. Qg2 e2 32. Re1 Qe3+ 33. Qf2 Qh6 34. Qxe2 Rh1+ 35. Kf2 Rh2+ 36. Kg1 Rxe2 37. Rxe2 Rxf3 38. Nf2 Qc1+ 39. Rd1 Qh6 40. Bxc7 Qg5+ 41. Kf1 Rf6 42. Bd8 Qf5 43. Bxf6 gxf6 44. Rde1 h5 45. Re4 Kh7 46. R1e3 Kh6 47. Ke2 b6 48. Rf3 Qg6 49. Ke3 Qg5+ 50. Ref4 Qe5+ 51. Ne4 Qa1 52. Rxf6+ Kg7 53. Rg3+ Kh8 54. Rf8+ Kh7 55. Nf6+ 1-0

[Event "EOBCC 2020"]
[Site "Online"]
[Date "2020.12.18"]
[Round "4.77"]
[White "Erdogdu, Mert"]
[Black "Mchedlishvili, Mikheil"]
[Result "0-1"]
[WhiteElo "2396"]
[BlackElo "2570"]
[PlyCount "58"]
[EventDate "2020.12.18"]
[EventType "tourn"]
[EventCountry "NET"]

1. e4 c5 2. Nf3 e6 3. d4 cxd4 4. Nxd4 Nf6 5. Nc3 d6 6. g4 h6 7. h4 Nc6 8. Rg1 h5 9. gxh5 Nxh5 10. Bg5 Qc7 11. Be2 Nf6 12. Qd2 a6 13. O-O-O Bd7 14. Kb1 Rc8 15. Rg3 b5 16. a3 Qb6 17. Be3 Qb8 18. h5 Nxh5 19. Rh1 g6 20. Nxc6 Bxc6 21. Rgh3 b4 22. axb4 Qxb4 23. Bxh5 gxh5 24. Rxh5 Rxh5 25. Rxh5 Rb8 26. b3 Bg7 27. Kb2 Bxe4 28. Rg5 Bg6 29. f3 Rc8 0-1